000 00655 a2200217 4500
005 20260123124201.0
008 260123b |||||||| |||| 00| 0 eng d
020 _a9789771117766 (pbk)
037 _cTB
040 _aCRL
_cCRL
041 _2ARB
_aARB
084 _aV73 28Q4
_bCRL
100 _aSahhar, Abdul Hameed Judah
_9854113
245 _aSanau al-tareekh al-Amreeki
260 _aCairo, Egypt:
_bMisr book shop,
_c2014.
300 _a320p.
365 _b450.00
_cINR
650 _aHistory-America
_91105565
942 _cTB
_2CC
_n0
_hV73 28Q4
999 _c1465813
_d1465813